Statistiques concernant Les clubs engagés en Ligue des champions (2017-2018)

Cliquez ici pour prendre le quiz!

Statistiques générales

  • Ce quiz a été pris 374 fois
  • Le résultat moyen est 22 sur 32

Statistiques - réponses

GroupeClub% Correct
BParis Saint-Germain
98%
HReal Madrid
97%
DFC Barcelone
96%
FManchester City
95%
BBayern Munich
94%
GAS Monaco
92%
DJuventus FC
92%
CAtlético de Madrid
91%
HBorussia Dortmund
90%
AManchester United
89%
CChelsea FC
88%
ELiverpool FC
85%
CAS Rome
84%
GFC Porto
84%
ASL Benfica
77%
ESéville FC
76%
FSSC Naples
75%
HTottenham Hotspur
75%
BCeltic Glasgow
67%
BRSC Anderlecht
66%
GRB Leipzig
63%
ACSKA Moscou
53%
GBeşiktaş JK
52%
AFC Bâle
52%
DSporting Portugal
51%
FFeyenoord Rotterdam
45%
FShakhtar Donetsk
45%
HAPOEL Nicosie
39%
EFK Spartak Moscou
38%
DOlympiakos
37%
CQarabağ FK
28%
ENK Maribor
26%

Distribution des résultats

Percentile par nombre de réponses

% des personnes avec chaque résultat

Votre développement - résultats

Vous n’avez pas pris ce quiz